Shekhar Joshi ki kahaniyam aur maddhya vargh/ (Record no. 41750)

000 -LEADER
fixed length control field 00421nam a22001571a 4500
082 ## - DEWEY DECIMAL CLASSIFICATION NUMBER
Classification number H300 9
Item number GEO/S
100 ## - MAIN ENTRY--AUTHOR NAME
Personal name George P I
245 ## - TITLE STATEMENT
Title Shekhar Joshi ki kahaniyam aur maddhya vargh/
Statement of responsibility, etc by George P I
260 ## - PUBLICATION, DISTRIBUTION, ETC. (IMPRINT)
Place of publication Karikad:
Name of publisher Atma Poshini,
Year of publication 2006.
300 ## - PHYSICAL DESCRIPTION
Number of Pages 179p.
650 ## - SUBJECT ADDED ENTRY--TOPICAL TERM
Topical Term Novel Shekhar Joshi Criticism
650 ## - SUBJECT ADDED ENTRY--TOPICAL TERM
Topical Term Novel Hindi Criticism
650 ## - SUBJECT ADDED ENTRY--TOPICAL TERM
Topical Term Literature Hindi
650 ## - SUBJECT ADDED ENTRY--TOPICAL TERM
Topical Term Literature
942 ## - ADDED ENTRY ELEMENTS (KOHA)
Koha item type Book
Holdings
Withdrawn status Lost status Damaged status Not for loan Permanent Location Current Location Date acquired Cost, normal purchase price Full call number Accession Number Cost, replacement price Price effective from Koha item type
        Sree Sankaracharya University of Sanskrit Sree Sankaracharya University of Sanskrit 08.01.2015 120.00 H300 9 GEO/S 051764 0.00 08.01.2015 Book